000 01140cam a2200313 a 4500
001 3889309
003 ARRUPE
005 20140326125246.0
008 900419s1990 nyua b 001 0 eng
010 _a 90037110
020 _a0824510178 :
_c$17.95
040 _aDLC
_cDLC
_dDLC
041 1 _aeng
_hger
050 0 0 _aBX2350.2
_b.R6413 1990
082 0 0 _a248.2
_220
100 1 _aRohr, Richard.
_99414
240 1 0 _aEnneagram.
_lEnglish
245 1 0 _aDiscovering the enneagram :
_ban ancient tool for a new spiritual journey /
_cRichard Rohr and Andreas Ebert ; translated by Peter Heinegg.
260 _aNew York :
_bCollins Dove
_c1991
300 _axvi, 255 p. :
_bill. ;
_c24 cm.
500 _aTranslation of: Das Enneagram.
504 _aIncludes bibliographical references (p. 232-243) and index.
650 0 _aSpiritual life
_xCatholic Church.
_99415
650 0 _aEnneagram.
_99416
700 1 _aEbert, Andreas.
_99417
906 _a7
_bcbc
_corignew
_d1
_eocip
_f19
_gy-gencatlg
942 _2lcc
_cMONOGRAPH
999 _c120274
_d120274